LEADER 01232nam a2200217 i 4500 001 000000013697 003 CaOOAMICUS 005 20180830125442.0 008 180830s1934 fr u000 u und u 040 $aSeMil$bita 100 1 $aMura, Ernest.$0(OLS)http://semarc/name/5499 245 13$aLe corps mystique du Christ :$bsa nature et sa vie divine d'après S. Paul et la théologie : synthèse de théologie dogmatique, ascetique et mystique /$cErnest Mura ; préface du R. P. Garrigou-Lagrange. 260 $aParis :$bAndré Blot,$c1934-$e(Ligugé (Vienne) :$fImpr. Aubin,$g1934-) 300 $a2 v. ;$c20 cm. 600 04$aGesù Cristo.$0(OLS)http://semarc/subject/712 650 4$aTeologia dogmatica.$0(OLS)http://semarc/subject/68 700 1 $aGarrigou-Lagrange, Réginald,$c.$0(OLS)http://semarc/name/5500 774 0 $aMura, Ernest$t1.$dParis : André Blot, 1934.$w()42707 774 0 $aMura, Ernest$t2.$dParis : André Blot, 1934.$w()180830 996 $6245$aLe corps mystique du Christ :$bsa nature et sa vie divine d'après S. Paul et la théologie : synthèse de théologie dogmatique, ascetique et mystique$9(OLS)http://semarc/title/18260 996 $6260$aParis :$bAndré Blot$9(OLS)http://semarc/publisher/33141 LEADER 01232nam a2200229 i 4500 001 000000073373 003 CaOOAMICUS 005 20090619000000.0 008 090619s1939 it u000 u ita u 013 $a44545 040 $aSeMil$bita 100 1 $aCampanella, Tommaso,$c.$0(OLS)http://semarc/name/89924 245 10$aEpilogo magno :$b(Fisiologia italiana) : testo italiano inedito con le varianti dei codici e delle edizioni latine /$cTommaso Campanella a cura di Carmelo Ottaviano. 260 $aRoma :$bReale Accademia d'Italia,$c1939$e(Luogo di manifattura non identificato :$fTip. del Senato,$g1939) 300 $a603 p. ;$c26 cm. 490 0 $aReale Accademia d'Italia. Studi e documenti ;$v10 650 4$aFisiologia.$0(OLS)http://semarc/subject/3895 830 0$aReale Accademia d'Italia. Studi e documenti ;$v10.$0(OLS)http://semarc/title/21865 850 $aSeMil 852 $aSeMil$W1$xVenegono$y1$m2Q V 129$j39525$B39525$CSeMilBibl$Z2$F39529 $81 996 $6245$aEpilogo magno :$b(Fisiologia italiana) : testo italiano inedito con le varianti dei codici e delle edizioni latine$9(OLS)http://semarc/title/118463 996 $6260$aRoma :$bReale Accademia d'Italia$9(OLS)http://semarc/publisher/33598